000 00646nam a2200241 i 4500
001 bg
245 0 0 _aNowa gramatyka angielska w ćwiczeniach /
_cR. Gozdawa-Gołębiowski [et al.].
250 _a[Wyd. 4].
260 _aWarszawa :
_bWydaw. Szkolne PWN,
_c1997.
300 _a372, [2] s. ;
_c24 cm.
504 _aIndeks.
650 9 _aJęzyk angielski
_xgramatyka
655 _aPodręczniki
700 1 _aGozdawa-Gołębiowski, Romuald.
020 _a8371951922
040 _cBPK
041 0 _aplen
080 _a811.111'36
080 _a(07)
920 _a83-7195-192-2
942 _cKS
008 s pl f |000 0 pol
999 _c33562
_d33562